[Event "AUTO-MASTER-3234"]
[Site "http://www.queenalice.com/game.php?id=1845119"]
[Date "2024.10.11"]
[Round "1"]
[White "attachui"]
[Black "Fredo"]
[Result "0-1"]
[WhiteElo "2045"]
[BlackElo "2011"]

1. d4 Nf6 2. c4 g6 3. Nc3 d5 4. cxd5 Nxd5 5. e4 Nxc3 6. bxc3 Bg7 7. Bb2 O-O 8.
Bc4 c5 9. Ne2 cxd4 10. cxd4 Nc6 11. Rb1 b6 12. O-O e6 13. d5 exd5 14. exd5 Bxb2
15. dxc6 Be5 16. f4 Bc7 17. Qb3 Qf6 18. Rbc1 Bg4 0-1

[Event "AUTO-MASTER-3234"]
[Site "http://www.queenalice.com/game.php?id=1845120"]
[Date "2024.10.11"]
[Round "1"]
[White "Fredo"]
[Black "Takeda"]
[Result "0-1"]
[WhiteElo "1995"]
[BlackElo "2144"]

1. d4 g6 2. c4 Bg7 3. Nf3 Nf6 4. Nc3 O-O 5. g3 d6 6. Bg2 c5 7. dxc5 dxc5 8. O-O
Nc6 9. Qxd8 Rxd8 10. Be3 b6 11. Rad1 Bb7 12. Bf4 Nd4 13. Nxd4 Bxg2 14. Kxg2 cxd4
15. Nb5 a6 16. Nxd4 Rd7 17. Nf3 Rad8 18. Rxd7 Rxd7 19. Ne5 Rb7 20. b3 Ne4 21.
Rc1 g5 0-1

[Event "AUTO-MASTER-3234"]
[Site "http://www.queenalice.com/game.php?id=1845121"]
[Date "2024.10.11"]
[Round "1"]
[White "Takeda"]
[Black "Fredo"]
[Result "0-1"]
[WhiteElo "2145"]
[BlackElo "1955"]

1. e4 c5 2. Nf3 d6 3. Bc4 e6 4. O-O Nc6 5. d4 cxd4 6. Nxd4 Nf6 7. Bg5 Be7 8.
Nxc6 bxc6 9. Bxf6 Bxf6 10. Nc3 O-O 11. Re1 Bb7 12. Qd2 Qc7 13. Rad1 Rad8 14. Qf4
Be5 15. Qh4 Bf6 16. Qh3 d5 17. exd5 cxd5 18. Bd3 g6 19. Re2 e5 20. Red2 e4 21.
Nb5 Qb8 22. Be2 a6 23. Nd4 Bg7 24. c3 Bxd4 25. Rxd4 Qe5 26. Qe3 f5 27. c4 f4 28.
Qb3 Rb8 29. cxd5 Kh8 30. Qa3 Rbc8 31. Bxa6 Bxa6 32. Qxa6 f3 33. Qe6 Qxd4 0-1

[Event "AUTO-OPEN-4532"]
[Site "http://www.queenalice.com/game.php?id=1845778"]
[Date "2024.10.20"]
[Round "2"]
[White "avieytoa"]
[Black "Fredo"]
[Result "0-1"]
[WhiteElo "1988"]
[BlackElo "1966"]

1. e4 c5 2. Bc4 e6 3. Nc3 Nc6 4. Nf3 d6 5. d3 Nf6 6. Bg5 Be7 7. O-O O-O 8. Re1
Bd7 9. a3 h6 10. Bh4 a6 11. d4 cxd4 12. Nxd4 Nxd4 13. Qxd4 b5 14. Ba2 Rc8 15.
Rad1 Re8 16. e5 dxe5 17. Qxe5 Ng4 18. Bxe7 Qxe7 19. Qg3 Nf6 20. h3 Bc6 21. Re5
Red8 22. Rxd8+ Rxd8 23. Re2 a5 24. Qe5 b4 25. Nb1 Rd1+ 26. Kh2 Ng4+ 27. hxg4
Qh4# 0-1

[Event "AUTO-OPEN-4532"]
[Site "http://www.queenalice.com/game.php?id=1845779"]
[Date "2024.10.20"]
[Round "2"]
[White "Fredo"]
[Black "avieytoa"]
[Result "0-1"]
[WhiteElo "2011"]
[BlackElo "1957"]

1. d4 d5 2. Nf3 Nc6 3. Bf4 Nf6 4. h3 Bf5 5. e3 e6 6. c3 h6 7. Be2 a6 8. O-O Be7
9. Nbd2 Bg6 10. Re1 O-O 11. Ne5 Nxe5 12. Bxe5 c5 13. Nf3 cxd4 14. exd4 Nd7 15.
Bh2 Qb6 16. Qd2 Nf6 17. Ne5 Rfd8 18. Ng4 Ne4 19. Qc1 Bg5 20. f4 Bh4 21. Rf1 f6
22. a4 Re8 23. Bd3 f5 24. Ne5 Bh5 25. Bxe4 dxe4 26. Kh1 Qc7 27. a5 Qd6 28. Qe3
Rac8 29. Ra4 b5 30. axb6 Qxb6 31. Rb1 a5 32. Nd7 Qb5 33. Nc5 Rxc5 0-1

[Event "AUTO-OPEN-4532"]
[Site "http://www.queenalice.com/game.php?id=1845788"]
[Date "2024.10.20"]
[Round "2"]
[White "Fredo"]
[Black "MarcosT"]
[Result "0-1"]
[WhiteElo "1973"]
[BlackElo "2042"]

1. d4 d5 2. Nf3 e6 3. e3 Bd6 4. Bd3 f5 5. O-O Nf6 6. c3 O-O 7. Nbd2 Ne4 8. Ne5
Nc6 9. Nxc6 bxc6 10. Nxe4 fxe4 11. Be2 e5 12. a4 a5 13. Rb1 Qg5 14. f3 exf3 15.
Bxf3 e4 16. Bh5 Rxf1+ 17. Kxf1 Ba6+ 18. Kg1 Rf8 19. Qg4 Qf6 20. Qd1 Qf2+ 0-1

[Event "AUTO-OPEN-4532"]
[Site "http://www.queenalice.com/game.php?id=1845789"]
[Date "2024.10.20"]
[Round "2"]
[White "MarcosT"]
[Black "Fredo"]
[Result "1/2-1/2"]
[WhiteElo "2054"]
[BlackElo "1951"]

1. d4 Nf6 2. e3 g6 3. Bd3 Bg7 4. Nd2 d5 5. f4 Bg4 6. Ngf3 O-O 7. O-O Nbd7 8. c3
c5 9. Qe1 cxd4 10. exd4 Re8 11. Ne5 Be6 12. Ndf3 Nxe5 13. fxe5 Nd7 14. Qh4 f6
15. Bh6 Nf8 16. Bxg7 Kxg7 17. Rae1 Qd7 18. exf6+ exf6 19. h3 a6 20. Nh2 Qd8 21.
Ng4 Bxg4 22. Rxe8 Qxe8 23. Qxf6+ Kg8 24. hxg4 Qe3+ 25. Kh1 Qxd3 26. Qf7+ Kh8 27.
Qf6+ Kg8 28. Qf7+ Kh8 29. Qf6+ Kg8 1/2-1/2

[Event "AUTO-MASTER-3219"]
[Site "http://www.queenalice.com/game.php?id=1847769"]
[Date "2024.11.25"]
[Round "2"]
[White "Fredo"]
[Black "josebaron"]
[Result "0-1"]
[WhiteElo "1993"]
[BlackElo "2217"]

1. e4 e5 2. Nf3 Nc6 3. Bb5 d6 4. d3 Nf6 5. O-O Be7 6. Nc3 Bg4 7. Be3 a6 8. Ba4
O-O 9. h3 Bh5 10. Nd5 Nxd5 11. exd5 Nd4 12. Bxd4 exd4 13. g4 Bg6 14. Nxd4 Bf6
15. c3 Bxd4 16. cxd4 Qf6 17. Bc2 Qxd4 0-1

[Event "AUTO-MASTER-3219"]
[Site "http://www.queenalice.com/game.php?id=1847770"]
[Date "2024.11.25"]
[Round "2"]
[White "josebaron"]
[Black "Fredo"]
[Result "1/2-1/2"]
[WhiteElo "2222"]
[BlackElo "2002"]

1. e4 c5 2. Nf3 d6 3. Bb5+ Bd7 4. Bxd7+ Nxd7 5. O-O e6 6. Nc3 Ngf6 7. d4 cxd4 8.
Qxd4 Be7 9. a4 O-O 10. h3 a6 11. a5 Qc7 12. Bg5 1/2-1/2

[Event "AUTO-OPEN-4532"]
[Site "http://www.queenalice.com/game.php?id=1850716"]
[Date "2025.1.20"]
[Round "3"]
[White "MarcosT"]
[Black "Fredo"]
[Result "0-1"]
[WhiteElo "2066"]
[BlackElo "2035"]

1. d4 Nf6 2. e3 g6 3. Bd3 Bg7 4. f4 d6 5. Nf3 O-O 6. Nbd2 c5 7. c3 Nc6 8. O-O e6
9. Ng5 h6 10. Nge4 cxd4 11. Nxf6+ Bxf6 12. Rf3 dxe3 13. Ne4 Bg7 14. Bxe3 e5 15.
Rg3 Bf5 16. fxe5 Nxe5 17. Bc2 d5 18. Nd2 Bxc2 19. Qxc2 Nc4 20. Nxc4 dxc4 21. Rd1
Qa5 22. a3 a6 23. Qe4 b5 24. Bd4 Rfe8 25. Qd5 Rad8 26. Qc6 Re6 27. Qf3 Qc7 28.
Bxg7 Kxg7 29. Rxd8 Qxd8 30. Qf1 Qd2 31. Rf3 f5 32. Rf2 Qe1 33. Qxe1 Rxe1+ 34.
Rf1 Rxf1+ 35. Kxf1 Kf6 36. Kf2 Ke5 37. Ke3 g5 38. g3 h5 39. h3 f4+ 0-1

[Event "AUTO-OPEN-4532"]
[Site "http://www.queenalice.com/game.php?id=1850717"]
[Date "2025.1.20"]
[Round "3"]
[White "Fredo"]
[Black "MarcosT"]
[Result "1/2-1/2"]
[WhiteElo "2005"]
[BlackElo "2109"]

1. e4 e5 2. Nf3 Nf6 3. Nxe5 Nc6 4. Nxc6 dxc6 5. d3 Bc5 6. Nc3 Ng4 7. Be3 Nxe3 8.
fxe3 Bxe3 9. Qf3 Qh4+ 10. g3 Qh6 11. Be2 Be6 12. Qh5 Bd2+ 13. Kd1 O-O-O 14. Qxh6
Bxh6 15. Bf3 Rhf8 16. Ke2 f5 17. Rhf1 fxe4 18. Nxe4 Bd5 19. a3 Rde8 20. Rae1 g6
21. Kd1 Bg7 22. Kc1 h5 23. Bg2 Kb8 24. Rxf8 Rxf8 25. Rf1 Rxf1+ 1/2-1/2

[Event "AUTO-OPEN-4532"]
[Site "http://www.queenalice.com/game.php?id=1850722"]
[Date "2025.1.20"]
[Round "3"]
[White "Fredo"]
[Black "cerenzo72"]
[Result "1-0"]
[WhiteElo "2054"]
[BlackElo "2110"]

1. d4 Nf6 2. Nf3 e6 3. c4 Nc6 4. Nc3 Bb4 5. Qc2 d6 6. a3 Ba5 7. b4 Bb6 8. c5
Nxd4 9. Nxd4 dxc5 10. bxc5 Bxc5 11. Nb3 Bb6 12. Bg5 Bxf2+ 13. Kxf2 Ng4+ 14. Kg1
Qxg5 15. Ne4 Qf5 16. Nd4 Qf4 17. Qd3 Ne5 18. g3 Qh6 19. Qd2 Qg6 20. Bg2 O-O 21.
Nf2 Rd8 22. Qc3 Qf6 23. Ne4 Qe7 24. h3 f5 25. Nc5 c6 26. Ndxe6 Bxe6 27. Qxe5 Re8
28. Nxe6 Qxe6 29. Qxe6+ Rxe6 30. Kf2 Rae8 31. Bf3 b5 32. Rhc1 Rc8 33. Bd5 Kf7
34. Bxe6+ Kxe6 35. Rc5 g6 36. Rac1 Kd6 37. Kf3 Rc7 38. Kf4 a5 39. h4 h5 40. Kg5
1-0

[Event "AUTO-OPEN-4532"]
[Site "http://www.queenalice.com/game.php?id=1850723"]
[Date "2025.1.20"]
[Round "3"]
[White "cerenzo72"]
[Black "Fredo"]
[Result "1-0"]
[WhiteElo "2171"]
[BlackElo "2015"]

1. e4 d6 2. Nf3 Nf6 3. Nc3 c5 4. d4 cxd4 5. Nxd4 a6 6. Be3 e5 7. Nb3 Be7 8. h3
Be6 9. Be2 Nc6 10. O-O O-O 11. f4 exf4 12. Bxf4 Ne5 13. Nd4 Bc4 14. Nf5 Bxe2 15.
Qxe2 Re8 16. Rad1 Bf8 17. Bh2 g6 18. Ne3 Bg7 19. Nc4 Nxc4 20. Qxc4 Rc8 21. Qb4
Re6 22. e5 Ne8 23. Qxb7 Bxe5 24. Qxf7+ 1-0

[Event "AUTO-OPEN-4532"]
[Site "http://www.queenalice.com/game.php?id=1850724"]
[Date "2025.1.20"]
[Round "3"]
[White "Fredo"]
[Black "LMP1989"]
[Result "0-1"]
[WhiteElo "2069"]
[BlackElo "2158"]

1. e4 c5 2. Nf3 e6 3. c3 d5 4. e5 d4 5. cxd4 cxd4 6. Qa4+ Nc6 7. Bb5 Bd7 8. O-O
Bc5 9. Bxc6 Bxc6 10. Qd1 d3 11. Nc3 Ne7 12. Re1 Qb6 13. Rf1 O-O 14. Na4 Bxa4 15.
b3 Bc6 16. Bb2 Ng6 17. h4 Bxf3 18. Qxf3 Bd4 19. Ba3 Bxa1 20. Bxf8 Rxf8 21. Rxa1
Nxe5 22. Qg3 Qd4 23. Re1 Nc6 24. a3 e5 25. h5 h6 26. Re3 e4 27. Qg4 f5 28. Qg6
Qf6 0-1

[Event "AUTO-ADV-4810"]
[Site "http://www.queenalice.com/game.php?id=1851002"]
[Date "2025.1.25"]
[Round "2"]
[White "Fredo"]
[Black "Canaye14"]
[Result "1-0"]
[WhiteElo "2009"]
[BlackElo "2004"]

1. e4 e6 2. d4 d5 3. e5 c5 4. c3 Nc6 5. a3 cxd4 6. cxd4 Qb6 7. Nf3 Nge7 8. Nc3
Nf5 9. Na4 Qa5+ 10. Bd2 Qd8 11. Bg5 Qa5+ 12. Bd2 Qc7 13. Rc1 Qd7 14. Nc5 Bxc5
15. dxc5 O-O 16. Be2 Ncd4 17. Nxd4 Nxd4 18. Bd3 Nc6 19. Qh5 g6 20. Qg5 Qe7 21.
Qe3 f5 22. exf6 Qxf6 23. O-O d4 24. Qg3 e5 25. Be4 Ne7 26. Bb1 Bd7 27. Bg5 Qe6
28. Bh6 Nf5 29. Bxf5 Qxf5 30. Bxf8 Rxf8 31. Qb3+ Be6 32. Qxb7 Rf7 33. Qb8+ Kg7
34. c6 Bd5 35. c7 Qg4 36. f3 Rxf3 37. Rxf3 Bxf3 38. Rc2 Be4 39. c8=Q Qd1+ 40.
Kf2 d3 41. Qxe5+ Kf7 42. Qce8# 1-0

[Event "AUTO-ADV-4810"]
[Site "http://www.queenalice.com/game.php?id=1851003"]
[Date "2025.1.25"]
[Round "2"]
[White "Canaye14"]
[Black "Fredo"]
[Result "1/2-1/2"]
[WhiteElo "1941"]
[BlackElo "2018"]

1. d4 Nf6 2. Nf3 g6 3. c4 Bg7 4. Nc3 d5 5. e3 O-O 6. c5 Re8 7. Bd3 Nbd7 8. Qc2
e5 9. dxe5 Nxe5 10. Nxe5 Rxe5 11. O-O Re8 12. h4 c6 13. e4 dxe4 14. Nxe4 Nxe4
15. Bxe4 Qd4 16. Bf3 Qxh4 17. Rd1 Bf5 18. Qb3 Qe7 19. Be3 Be6 20. Qc2 Rad8 21.
Rxd8 Rxd8 22. a3 Qf6 23. Rd1 Rxd1+ 24. Qxd1 Qe7 25. b4 1/2-1/2

[Event "AUTO-ADV-4810"]
[Site "http://www.queenalice.com/game.php?id=1851004"]
[Date "2025.1.25"]
[Round "2"]
[White "Fredo"]
[Black "SGF"]
[Result "1-0"]
[WhiteElo "2052"]
[BlackElo "1684"]

1. e4 e5 2. Nf3 Qf6 3. Bc4 d6 4. d3 Be7 5. Nc3 c6 6. Be3 Qg6 7. Qd2 Bf6 8. O-O-O
Qxg2 9. Qe2 Bg4 10. Rdg1 Qxf3 11. Qe1 Bh3 12. Rg3 Qh5 13. Rhg1 g6 14. f4 Bh4 15.
Rxh3 Bxe1 16. Rxh5 gxh5 17. Rxe1 b5 18. Bb3 a5 19. a3 a4 20. Ba2 f6 21. fxe5
dxe5 22. Rg1 Ne7 23. Bh6 Nd7 24. Bg7 Rg8 25. Bxg8 Nxg8 26. Ne2 O-O-O 27. Ng3 Nc5
28. Nf5 Kb7 29. Nh6 Nxh6 30. Bxh6 Ne6 31. Be3 Ka6 32. Kd2 c5 33. Rg2 c4 34. Rf2
cxd3 35. cxd3 Rf8 36. Rf3 h4 37. Rh3 Nf4 38. Bxf4 exf4 39. Rxh4 f3 40. Rf4 Rg8
41. Rxf6+ Ka5 42. Rxf3 Rg2+ 43. Kc3 Rxh2 44. Re3 h5 45. e5 Rh4 46. e6 b4+ 47.
axb4+ Rxb4 48. Re5+ Rb5 49. Rxb5+ Kxb5 50. e7 h4 51. e8=Q+ Ka5 52. Qd8+ Kb5 53.
Qxh4 Ka5 54. Qb4+ Ka6 55. Kc4 a3 56. Kc5 Ka7 57. Kc6 a2 58. Qa5+ Kb8 59. Qa6
a1=Q 60. Qb7# 1-0

[Event "AUTO-ADV-4810"]
[Site "http://www.queenalice.com/game.php?id=1851005"]
[Date "2025.1.25"]
[Round "2"]
[White "SGF"]
[Black "Fredo"]
[Result "1/2-1/2"]
[WhiteElo "1697"]
[BlackElo "2072"]

1. e4 c5 2. Qf3 Nc6 3. c3 e6 4. d3 d6 5. Be2 Nf6 6. Qg3 Ne5 7. Bg5 Be7 8. h4 Bd7
9. a4 h6 10. Bxf6 Bxf6 11. h5 Qc7 12. a5 O-O-O 13. Nf3 Nxf3+ 14. Bxf3 Be5 15.
Qh3 Bf4 16. c4 e5 17. Bg4 g6 18. hxg6 fxg6 19. Nc3 Kb8 20. Bxd7 Qxd7 21. Nd5
Qxh3 22. Rxh3 Rhg8 23. a6 b6 24. g3 Bg5 25. f4 exf4 26. gxf4 Bxf4 27. Nxf4 h5
28. O-O-O Rdf8 29. Ne6 Rf6 30. Rg1 Rxe6 31. Rxh5 gxh5 32. Rxg8+ Kc7 33. Rg7+ Kb8
34. Rg8+ Kc7 35. Rg7+ Kb8 36. Rh7 Re5 37. Rh6 Kc7 38. Kc2 Rg5 39. Rh7+ Kb8 40.
Rb7+ Ka8 41. Rd7 Rg8 42. Rxd6 Rh8 43. e5 Kb8 44. e6 Re8 45. Rd5 Rxe6 46. Rxh5
Re7 47. Kc3 Rd7 48. Rh8+ Kc7 49. Rh6 Kb8 50. b3 Kc7 51. Rh3 Rd4 52. b4 Rd7 53.
b5 Kd8 54. Rh8+ Kc7 55. Ra8 Kd6 56. Rb8 Rc7 57. Rd8+ Ke7 58. Rb8 Kd7 59. Kc2 Kd6
60. Rd8+ Ke7 61. Rb8 Kd6 62. Rh8 Rg7 63. Rb8 Rc7 64. Kc3 Kd7 65. d4 cxd4+ 66.
Kxd4 Kd6 67. Rd8+ Ke7 68. Rb8 Kd6 69. Rh8 Rg7 70. Rh6+ Kc7 71. Rc6+ Kb8 72. Kd5
Rd7+ 73. Ke6 Rd4 74. Ke5 Rd7 75. Ke6 Rd4 76. Ke7 Re4+ 77. Kd7 Rd4+ 78. Ke7 Re4+
79. Kd8 Rd4+ 80. Ke7 1/2-1/2